000 00857nam a2200253Ia 4500
003 OSt
005 20221005104331.0
006 a|||||r|||| 00| 0
007 ta
008 221004b |||||||| |||| 00| 0 hin d
020 _a8177830503 (hbk)
_c300
024 _a100798
037 _b380, 04/03/2010, Swaraj Prakashan
_cTextual
040 _aCRL
_cCRL
_bhin
041 _2hin
_ahin
082 _a4,1, 152P3
100 _aपचौरी, सुधीश
245 0 _aसाइबर स्पेस और मीडिया
246 _aSāibar spes aur mīḍiyā
260 _aदिल्ली
_bप्रवीण प्रकाशन भारत
_c2003
300 _a271पृ0
_ccm.
942 _h4,1, 152P3
_cTEXL
_2cc
999 _c1012395
_d1012395